Tightrope - Lyrics - Statistics

General Stats
  • This quiz has been taken 117 times
    105 since last reset
  • The average score is 34 of 37
Answer Stats
Answer % Correct
Tied with {a} ribbon
99%
We're walking {a} tightrope
99%
But I'd follow you to the {great} unknown
97%
But {it's} all an adventure
97%
High {in} the sky
97%
High {in} the sky
97%
{Walking} a tightrope
97%
Well it's all {an} adventure
97%
We're walking a {tightrope}
97%
We're {walking} a tightrope
97%
We're {walking} a tightrope
97%
With {you}
97%
With {you}
97%
With {you}
97%
With {you}
97%
Mountains {and} valleys, and all that will come in between
96%
That comes with a breathtaking {view}
96%
To follow {what's} written
96%
We can {see} the whole world down below
96%
And we promised to {never} let go
94%
Hand in {my} hand
94%
Hand in my {hand}
94%
We can see the {whole} world down below
93%
Never sure, never {know} how far we could fall
92%
Some people won't {sail} the sea 'cause they're safer on land
92%
That {comes} with a breathtaking view
90%
And we {promised} to never let go
89%
So I risk it all, {just} to be with you
87%
Desert and {ocean}
86%
{With} you
86%
{With} you
86%
And I risk it all for {this} life we choose
83%
Always in {motion}
82%
Never sure, {will} you catch me if I should fall
82%
Some people long for a life that is simple and {planned}
82%
{Off} to a world we call our own
80%
You pulled me in, and {together} we're lost in a dream
80%
No matching quizzes found
Score Distribution
Percent of People with Each Score
Percentile by Number Answered
Your Score History
You have not taken this quiz since the last reset